Balance y perspectiva (Registo nº 202810)
[ vista simples ]
| 000 -Etiqueta do registo | |
|---|---|
| Valores | 00673nam 22002053 4500 |
| 100 ## - Dados gerais de processamento | |
| Dados gerais | 20240823d u||y0pory50 ba |
| 200 ## - Titulo e menção de responsabilidade | |
| Título próprio | Balance y perspectiva |
| Primeira menção de responsabilidade | Karl Jaspers |
| Informação de outro título | discursos y ensayos |
| Outras menções de responsabilidade | tradução del alemán por Fernando Vela |
| 210 ## - Publicação | |
| Local de publicação | Madrid |
| Nome do editor | Revista de Occidente |
| Data de publicação | cop.1953 |
| 215 ## - Descrição física | |
| Paginação / Volumes | 274 p. |
| Outras indicações físicas | brochado |
| Dimensões | 23 cm |
| 225 ## - Colecção | |
| Título próprio da colecção | Biblioteca conocimento del hombre |
| Indicação de volume | 1 |
| 606 ## - Nome comum usado como assunto | |
| ID Autoridade | 32 |
| Palavra de ordem | Filosofia |
| 675 ## - CDU | |
| Notação | 1Jasper |
| Edição | ES |
| Língua | spa |
| 675 ## - CDU | |
| Notação | 165.74 |
| Edição | ES |
| Língua | spa |
| 700 ## - Autor principal (pessoa individual) | |
| ID Autoridade | 8321 |
| Apelido | Jaspers |
| Nome | Karl |
| Datas | 1883-1969 |
| 702 ## - Autor secundário (pessoa individual) | |
| ID Autoridade | 17668 |
| Apelido | Vela |
| Nome | Fernando |
| Datas | 1888-1966 |
| 801 ## - Fonte de origem | |
| País | PT |
| Agência | BMMN |
| Regras de catalogação | RPC |
| 830 ## - Notas gerais do catalogador | |
| Criado por | Ana Falardo |
| Indexado por | Ana Falardo |
| 990 ## - Elementos KOHA | |
| Tipo de documento | Livro |
| Situação do levantamento | Biblioteca de origem | Código de barras | Cota | Permissão de empréstimo | Tipo de documento | Nota relativa ao exemplar | Forma de aquisição |
|---|---|---|---|---|---|---|---|
| Biblioteca Municipal de Montemor-o-Novo | 32330 | 1 JAS|SAF | Livro | Acesso Condicionado | Oferta |